| 000 | 01120cam a2200277 i 4500 | ||
|---|---|---|---|
| 020 |
_a9781098134181 _q(paperback) |
||
| 100 | 1 |
_aFoster, David _c(Business consultant), _eauthor. |
|
| 245 | 1 | 0 |
_aGenerative deep learning : _bteaching machines to paint, write, compose, and play / _cDavid Foster ; foreword by Karl Friston. |
| 250 | _aSecond edition. | ||
| 260 |
_aBeijing: _bOreilly media.inc; _c2023. |
||
| 300 |
_axxvi, 426 pages : _billustrations (chiefly color) ; _c24 cm |
||
| 504 | _aIncludes bibliographical references and index. | ||
| 650 | 0 | _aMachine learning. | |
| 650 | 0 | _aArtificial intelligence. | |
| 650 | 0 |
_aNeural networks (Computer science) _918586 |
|
| 650 | 0 |
_aGenerative programming (Computer science) _952050 |
|
| 650 | 0 |
_aDeep learning (Machine learning) _999919 |
|
| 650 | 0 |
_aE-BOOKBANK.SEECSTEXTBOOK _9125472 |
|
| 700 | 1 |
_aFriston, K. J. _9123665 |
|
| 856 | _uhttp://10.250.8.41:8080/xmlui/handle/123456789/41668 | ||
| 942 |
_2ddc _cBK |
||
| 999 |
_c609787 _d609787 |
||